Регионална библиотека "Любен Каравелов" - Русе

Христоматия по музикална литература с анализи (Запис номер 152449)

MARC детайли
000 -Лидер
Контролно поле с фиксирана дължина 01412nam a2200313 a 4500
003 - Код на организацията, давaща контролен номер
Контролно поле BLK
005 - Дата и час на последна редакция
Контролно поле 20241024135749.0
008 - Елементи от данни с фиксирана дължина
fixed length control field 180410b bul|||||r ||||||| ||bul||
010 ## - Наследен системен номер
LC control number KNG00158930000
040 ## - Източник на каталожния запис
Идентификатор на билиотеката - собственик на записа BLK
041 ## - Код за език
Код за езика на текст/звукозапис или на отделно заглавие Български
Код за езика КДБФ Български
080 ## - УДК
Текстов определител УДК Музика
УДК код - определител по УДК 78
УДК определител (07)
УДК - код + определител 78(07)
100 ## - Редна дума - Автор
Автор Стоянов, Пенчо Цветанов
Дати, свързани с автора 1931 - 2020
Автор - информация (биография) Бълг. композитор
R(LIN) 254297
139 ## - Редно поле
Редна дума Стоянов, Пенчо Цветанов и др.
Авторски знак Стоя - С 83
245 10 - Сведения за заглавието
Заглавие Христоматия по музикална литература с анализи
Редно поле (дума) Пенчо Стоянов, Елена Стоянова.
257 ## - Страна на издаване
Страна на създаване/издаване България
260 ## - Област на издателските данни
Място на издаване, разпространение и проч. София
Име на издателя, разпространителя и проч. Нар. просв.
Година на издаване 1982
Печатница Хасково : Ат. Стратиев
300 ## - Физическа характеристика
Страници 271 с.
Размери/Мащаб 23 см
380 ## - Жанр
Жанр Изкуство
500 ## - Общи забележки
Забележка Кн. е продължение на Христоматия по музикална литература с анализи с авт. Лада Брашованова, Пенчо Цв. Стоянов.
504 ## - Забележка за наличие на библиография и др
Забележка за наличие на библиография и под. Библиогр. с. 267.
650 #4 - Допълнително описание по предмет – тема
Основно описание – тема или топоним Музика - история
9 (RLIN) 249453
653 ## - Ключова дума – ненормативна
Ключова дума история на музиката
700 1# - Други автори (авторска отговорност)
Лично име Стоянова, Елена Милева
Автороска отговорност (Описва отношението между автора и произведението) съавт.
9 (RLIN) 126144
852 ## - Местоположение
Форматна сигнатура Цб 117435
Фондова буква Хранилище
999 ## - СИСТЕМНИ КОНТРОЛНИ НОМЕРА
Koha biblionumber 152449
Koha biblioitemnumber 152449
942 ## - АРТИКУЛИ
Вид на библиотечния материал Книги
Скрит в OPAC Не
Периодичен библиозапис Да
Koha issues (borrowed), all copies 1
944 ## - СЪЗДАВАНЕ И РЕДАКЦИЯ на ЗАПИСА
Създаване/Редакция Създаване
Дата на регистрацията/редакция 01.04.2014
Статус, дата на статуса Геновева Генчева
Служител, извършил регистрацията/редакцията 30560
944 ## - СЪЗДАВАНЕ И РЕДАКЦИЯ на ЗАПИСА
Създаване/Редакция Редакция
Дата на регистрацията/редакция 2022-05-03
Служител, извършил регистрацията/редакцията ГГГ
Наличности
Код за отписване Код за изгубен артикул Източник на класификационната схема Код за повреда Коз за рестрикции Код за отдаване Артикулен № Име на библиотеката - собственик Име на библиотеката, в която се намира в момента Статус (Текущо местоположение) Дата на вписване в системата Местоположение - отдел Цена в лева Инвентарен номер Систематично азбучна сигнатура Баркод Номер на екземпляра Цена в евро Служебна бележка Служебен тип на артикула
  Не е изгубен Universal Decimal Classification Не е повреден само за читалня ползва се в читалня 254735 Регионална библиотека "Любен Каравелов" Русе Регионална библиотека "Любен Каравелов" Русе Хранилище 1982-01-01 Хранилище 3.09 362635 Цб 117435 120000362635 1 1.58 Дост: Dp Вид: Д N: сф Дата: 01.01.1982 Книги
  Не е изгубен Universal Decimal Classification Не е повреден без рестрикции заемане за дома 254736 Регионална библиотека "Любен Каравелов" Русе Регионална библиотека "Любен Каравелов" Русе Отдел Изкуство - подръчен фонд 1982-01-01 Отдел Изкуство - подръчен фонд 3.09 363199 78(07)/С 83 120000363199 2 1.58 Дост: Pk Вид: Ф N: сф Дата: 01.01.1982 Дата инв: 03.04.2017 Бележки инв: ИП2017 Книги
  Не е изгубен Universal Decimal Classification Не е повреден без рестрикции заемане за дома 254737 Регионална библиотека "Любен Каравелов" Русе Регионална библиотека "Любен Каравелов" Русе Отдел Изкуство - подръчен фонд 1982-01-01 Отдел Изкуство - подръчен фонд 3.09 363200 78(07)/С 83 120000363200 3 1.58 Дост: Pk Вид: Ф N: сф Дата: 01.01.1982 Дата инв: 03.04.2017 Бележки инв: ИП2017 Книги
Изтеглен Не е изгубен Universal Decimal Classification Не е повреден без рестрикции заемане за дома 254738 Регионална библиотека "Любен Каравелов" Русе Регионална библиотека "Любен Каравелов" Русе Отчислена 1982-01-01 Отдел Изкуство - подръчен фонд 3.09 363201 ИП 78(07)/С 83 363201 4 1.58 Дост: Pk Вид: Ф N: сф Дата: 01.01.1982 Книги
Изтеглен Не е изгубен Universal Decimal Classification Не е повреден без рестрикции заемане за дома 254739 Регионална библиотека "Любен Каравелов" Русе Регионална библиотека "Любен Каравелов" Русе Отдел Изкуство - подръчен фонд 1982-01-01 Отдел Изкуство - подръчен фонд 3.09 363202 ИП 78(07)/С 83 363202 5 1.58 Дост: Pk Вид: Ф N: сф Дата: 01.01.1982 Дата инв: 03.04.2017 Бележки инв: ИП2017 Книги
Vip Innovations Ltd, Rousse, Bulgaria 2025